[Event "Tourn. n8789"]
[Site "www.chess-mail.com"]
[Date "2016.06.24"]
[Round "1"]
[White "Estonia"]
[Black "Osopanda"]
[WhiteElo "1950"]
[BlackElo "1920"]
[Result "1-0"]
[Round "1"]
1.c4 c6
2.Nb1c3 d5
3.cxd5 cxd5
4.d4 Nb8c6
5.Ng1f3 Bc8g4
6.e3 e5
7.Bf1e2 Bf8b4
8.O-O exd4
9.Nf3xd4 Bg4xe2
10.Nd4xe2 Ng8e7
11.Bc1d2 O-O
12.a3 Bb4d6
13.f4 Ne7f5
14.Qd1c2 Nf5e7
15.Nc3b5 Bd6b8
16.b4 a6
17.Nb5d4 Nc6xd4
18.Ne2xd4 Bb8d6
19.Ra1c1 Qd8d7
20.Qc2b3 Ra8c8
21.h3 b6
22.a4 Rc8xc1
23.Rf1xc1 Rf8c8
24.b5 axb5
25.axb5 Rc8xc1
26.Bd2xc1 Qd7c7
27.Bc1a3 Bd6c5
28.Ba3b2 Qc7a7
29.Nd4c6 Ne7xc6
30.bxc6 Qa7a5
31.Kh2 Qa5d2
32.c7 h5
33.c8Q Kh7
34.Qc8f5 Kg8
35.Qf5xd5 { resign }
1-0

[Event "Tourn. n8809"]
[Site "www.chess-mail.com"]
[Date "2016.06.24"]
[Round "1"]
[White "Yangqi"]
[Black "Gearoidmac"]
[WhiteElo "2650"]
[BlackElo "2200"]
[Result "1/2-1/2"]
[Round "1"]
1.e4 e6
2.d4 d5
3.Nb1c3 Bf8b4
4.e5 c5
5.Qd1g4 Ng8e7
6.dxc5 Nb8c6
7.Qg4xg7 Rh8g8
8.Qg7xh7 d4
9.a3 Qd8a5
10.Ra1b1 dxc3
11.Bc1e3 cxb2
12.axb4 Nc6xb4
13.c3 Rg8g6
14.Qh7h8 Rg6g8
15.Qh8h7 Rg8g6
16.Qh7h8 Rg6g8
17.Qh8h7 Rg8g6
18.Qh7h8 { draw }
1/2-1/2

[Event "Tourn. n8831"]
[Site "www.chess-mail.com"]
[Date "2016.06.24"]
[Round "1"]
[White "Cal"]
[Black "Kampungboy"]
[WhiteElo "1650"]
[BlackElo "1899"]
[Result "0-1"]
[Round "1"]
1.Ng1f3 d5
2.d4 Ng8f6
3.e3 g6
4.h3 Bf8g7
5.a3 O-O
6.Nb1c3 Nb8d7
7.b4 a5
8.Bf1b5 axb4
9.Nc3e2 c6
10.Bb5d3 c5
11.a4 c4
12.Bd3xc4 dxc4
13.O-O b5
14.Bc1d2 c3
15.Bd2c1 Ra8xa4
16.Ra1b1 Bc8b7
17.Ne2f4 Nd7b6
18.Rf1e1 Nf6e4
19.Nf3h2 Nb6c4
20.Qd1f3 Nc4d2
21.Bc1xd2 cxd2
22.Re1e2 Qd8c7
23.d5 Qc7xc2
24.Rb1f1 Ne4c3
25.Re2xd2 Qc2xd2
26.Nh2g4 b3
27.e4 Qd2xf4
28.Ng4e3 Qf4xf3
29.gxf3 b2
30.Ne3g4 Ra4a1
31.Ng4e3 Ra1xf1
32.Kxf1 b1Q
33.Kg2 Nc3e2
{ resign }
0-1

[Event "Tourn. n8817"]
[Site "www.chess-mail.com"]
[Date "2016.06.24"]
[Round "1"]
[White "Xkafi"]
[Black "Bojan"]
[WhiteElo "1890"]
[BlackElo "1940"]
[Result "1/2-1/2"]
[Round "1"]
1.e4 g6
2.Bf1c4 Bf8g7
3.d3 d6
4.Bc1g5 Bg7xb2
5.Nb1d2 Bb2xa1
6.Qd1xa1 f6
7.Ng1f3 h6
8.Bg5e3 Nb8c6
9.a3 a6
10.Qa1a2 Kf8
11.Nf3h4 Kg7
12.h3 Qd8e8
13.g4 e6
14.f4 Nc6a5
15.f5 Na5xc4
16.Qa2xc4 exf5
17.gxf5 gxf5
18.Rh1g1 Kh7
19.Qc4xc7 Qe8e7
20.Qc7a5 b5
21.a4 Ra8a7
22.Be3xa7 Qe7xa7
23.Rg1g2 Ng8e7
24.axb5 Qa7e3
25.Kd1 Qe3xh3
26.Nd2f3 fxe4
27.Qa5c7 Rh8e8
28.dxe4 axb5
29.Ke2 Bc8g4
30.Kf2 Bg4c8
31.Qc7xd6 Qh3e6
32.Qd6b4 Bc8d7
33.Rg2g1 Re8c8
34.c3 Rc8c4
35.Qb4b1 h5
36.e5 Kh8
37.Nh4g6 Ne7xg6
38.Qb1xg6 Rc4g4
39.Qg6xh5 Kg8
40.Rg1h1 Qe6f5
41.Qh5h8 Kf7
42.Rh1h7 Ke6
43.Qh8xf6 Qf5xf6
44.exf6 Bd7e8
45.Rh7e7 Kxf6
46.Re7xe8 b4
47.cxb4 Rg4xb4
48.Kg3 Kf7
49.Re8e3 Kf6
50.Nf3d2 Kf5
51.Nd2f3 Rb4g4
52.Kf2 Rg4f4
53.Kg3 Rf4g4
54.Kf2 Rg4f4
55.Re3e8 Rf4a4
56.Re8f8 Ke4
57.Rf8e8 Kf4
58.Ke2 Ra4a2
59.Nf3d2 Kf5
60.Re8e4 Ra2xd2
{ draw }
1/2-1/2

[Event "Tourn. n8799"]
[Site "www.chess-mail.com"]
[Date "2016.06.24"]
[Round "1"]
[White "Genius9"]
[Black "Esperanza"]
[WhiteElo "1840"]
[BlackElo "1819"]
[Result "0-1"]
[Round "1"]
1.d4 Ng8f6
2.c4 g6
3.g3 Bf8g7
4.Bf1g2 O-O
5.e4 d6
6.Nb1c3 e5
7.dxe5 dxe5
8.Qd1xd8 Rf8xd8
9.Bc1g5 c6
10.Ng1e2 Bc8e6
11.b3 Nb8d7
12.Ra1d1 h6
13.Bg5c1 Nd7c5
14.Bc1e3 Nc5d3
15.Kf1 Nf6g4
16.Be3c1 Ng4xf2
{ resign }
0-1

[Event "Tourn. n8791"]
[Site "www.chess-mail.com"]
[Date "2016.06.24"]
[Round "1"]
[White "Gegonz"]
[Black "Cal"]
[WhiteElo "1660"]
[BlackElo "1550"]
[Result "0-1"]
[Round "1"]
1.Ng1f3 d5
2.e3 h6
3.b3 Ng8f6
4.Bc1b2 e6
5.c4 c6
6.d4 Bf8b4
7.Nb1d2 Nf6e4
8.Bf1d3 O-O
9.O-O dxc4
10.bxc4 Bc8d7
11.Bd3xe4 a6
12.Qd1a4 Bb4xd2
13.Nf3xd2 f5
14.Be4d3 c5
15.Qa4b3 b6
 { time }
0-1

[Event "Tourn. n8834"]
[Site "www.chess-mail.com"]
[Date "2016.06.24"]
[Round "1"]
[White "Redabond"]
[Black "Cal"]
[WhiteElo "1640"]
[BlackElo "1650"]
[Result "0-1"]
[Round "1"]
1.d4 d5
2.Bc1f4 Ng8f6
3.Nb1c3 h6
4.Nc3b5 e5
5.Bf4xe5 Bf8d6
6.Be5xf6 Qd8xf6
7.Ng1f3 Bc8f5
8.e3 Bd6b4
9.c3 Bb4a5
10.Qd1a4 Nb8c6
11.Nb5xc7 Ba5xc7
12.Bf1b5 a6
13.Bb5xc6 Kf8
14.Qa4b4 Bc7d6
15.Qb4xb7 Ra8b8
16.Qb7d7 Bf5xd7
17.Bc6xd7 g5
18.O-O Rb8xb2
19.Rf1b1 Rb2xb1
20.Ra1xb1 Kg7
21.Rb1b6 Qf6e7
22.Bd7c6 Qe7a7
23.Rb6b7 Rh8b8
24.Rb7xb8 Qa7xb8
25.h3 Qb8b1
{ resign }
0-1

[Event "Tourn. n8794"]
[Site "www.chess-mail.com"]
[Date "2016.06.24"]
[Round "1"]
[White "Ditto"]
[Black "Gegonz"]
[WhiteElo "1700"]
[BlackElo "1660"]
[Result "1-0"]
[Round "1"]
1.e4 c6
2.Bf1c4 d5
3.exd5 cxd5
4.Bc4e2 Ng8f6
5.Ng1f3 Nb8c6
6.d4 e6
7.Bc1g5 Bf8e7
8.O-O O-O
9.c3 Bc8d7
10.Nb1d2 a6
11.Bg5f4 b5
12.Qd1c2  { time }
1-0

[Event "Tourn. n8831"]
[Site "www.chess-mail.com"]
[Date "2016.06.24"]
[Round "1"]
[White "Kampungboy"]
[Black "Falcoale"]
[WhiteElo "1699"]
[BlackElo "1550"]
[Result "1/2-1/2"]
[Round "1"]
1.e4 c5
2.d4 cxd4
3.c3 dxc3
4.Nb1xc3 Nb8c6
5.Ng1f3 e6
6.Bf1c4 b6
7.O-O Bc8b7
8.Qd1e2 Bf8e7
9.Rf1d1 a6
10.e5 Qd8c7
11.Bc1f4 Nc6b4
12.Ra1c1 f5
13.exf6 d6
14.fxg7 Be7f6
15.gxh8Q { draw }
1/2-1/2

[Event "Tourn. n8749"]
[Site "www.chess-mail.com"]
[Date "2016.06.24"]
[Round "1"]
[White "Piekki"]
[Black "Seger"]
[WhiteElo "2270"]
[BlackElo "2750"]
[Result "0-1"]
[Round "1"]
1.e4 c5
2.Ng1f3 Nb8c6
3.d4 cxd4
4.Nf3xd4 e5
5.Nd4b5 d6
6.Nb1c3 a6
7.Nb5a3 b5
8.Nc3d5 Ng8f6
9.Bc1g5 Bf8e7
10.Bg5xf6 Be7xf6
11.c4 b4
12.Na3c2 a5
13.Nc2e3 O-O
14.Ra1c1 Bf6g5
15.Bf1d3 Nc6d4
16.c5 dxc5
17.Rc1xc5 Bc8e6
18.Qd1a4 Qd8d6
19.Rc5xa5 Be6d7
{ resign }
0-1

[Event "Tourn. n8759"]
[Site "www.chess-mail.com"]
[Date "2016.06.24"]
[Round "1"]
[White "Yangqi"]
[Black "Tartan"]
[WhiteElo "2690"]
[BlackElo "2340"]
[Result "1-0"]
[Round "1"]
1.e4 c5
2.Ng1f3 Nb8c6
3.d4 cxd4
4.Nf3xd4 e5
5.Nd4b5 d6
6.Nb1c3 a6
7.Nb5a3 b5
8.Nc3d5 Ng8f6
9.c4 b4
10.Nd5xf6 Qd8xf6
11.Na3c2 Qf6g6
12.Qd1d5 Bc8d7
13.h4 h5
14.g3 Ra8c8
15.Bf1g2 Bd7e6
16.Qd5d3 Nc6d4
17.Nc2e3 Bf8e7
18.O-O O-O
19.b3 Be7d8
20.a3 bxa3
21.Bc1xa3 Bd8b6
22.Ba3b4 Bb6c5
23.Bb4xc5 dxc5
24.Ra1xa6 Rc8b8
25.Rf1b1 Rb8a8
26.Ra6xa8 Rf8xa8
27.Ne3f5 { resign }
1-0

[Event "Tourn. n8626"]
[Site "www.chess-mail.com"]
[Date "2016.06.24"]
[Round "1"]
[White "Numanoid"]
[Black "Masteratches"]
[WhiteElo "2470"]
[BlackElo "2580"]
[Result "0-1"]
[Round "1"]
1.e4 e5
2.Nb1c3 Ng8f6
3.Bf1c4 Nb8c6
4.d3 Nc6a5
5.Bc4b3 Bf8b4
6.Bc1d2 Na5xb3
7.axb3 d5
8.exd5 O-O
9.Ng1f3 Nf6xd5
10.O-O Nd5xc3
11.Bd2xc3 Bb4xc3
12.bxc3 f6
13.Qd1e2 Bc8f5
14.Nf3h4 Bf5d7
15.g3 a5
16.d4 Rf8e8
17.Nh4g2 exd4
18.Qe2d3 c5
19.cxd4 cxd4
20.Qd3xd4 Bd7c6
21.Qd4c4 Kh8
22.Ng2e3 Re8e5
23.Qc4g4 b5
24.Rf1d1 Qd8e7
25.Ne3f5 Qe7c7
26.Nf5d6 h5
27.Qg4g6 Kg8
28.Rd1d4 Qc7d7
29.Qg6d3 Qd7e6
30.Ra1f1 h4
31.Rd4xh4 Qe6d5
32.Qd3xd5 Re5xd5
33.Nd6e4 Rd5d8
34.f3 a4
35.bxa4 bxa4
36.Ne4c3 a3
37.Rh4c4 Bc6e8
38.Rf1a1 Be8f7
39.Rc4a4 Ra8xa4
40.Nc3xa4 a2
41.Na4c3 Rd8c8
42.Nc3xa2 Rc8a8
43.c4 Bf7xc4
44.Ra1c1 Bc4xa2
45.Kg2 Ba2d5
46.g4 Ra8a3
47.Rc1f1 g5
48.Kg3 Kf7
49.h3 Kg6
50.Rf1f2 Ra3d3
51.Rf2f1 Kf7
52.Rf1f2 Ke6
53.Rf2e2 Kd6
54.Re2f2 Ke5
55.Rf2f1 Kd4
 { time }
0-1

[Event "Tourn. n8812"]
[Site "www.chess-mail.com"]
[Date "2016.06.24"]
[Round "1"]
[White "Paaliaq"]
[Black "Gimmyg"]
[WhiteElo "2520"]
[BlackElo "2520"]
[Result "1-0"]
[Round "1"]
1.e4 Nb8c6
2.Ng1f3 f5
3.exf5 d5
4.Bf1b5 Bc8xf5
5.Nf3e5 Qd8d6
6.d4 Ng8f6
7.O-O Nf6d7
8.Nb1c3 e6
9.Qd1h5 g6
10.Qh5e2 Nd7xe5
11.dxe5 Qd6b4
12.a3 Qb4h4
13.Bc1e3 a6
14.Bb5xc6 bxc6
15.Ra1d1 Qh4c4
16.Qe2d2 a5
17.f3 h5
18.Nc3e4 Bf8e7
19.b3 Qc4b5
20.Ne4f6 Kf7
21.g4 hxg4
22.fxg4 Be7xf6
23.c4 dxc4
24.Qd2d7 Bf6e7
25.gxf5 Qb5xe5
26.Be3f4 Qe5c5
27.Kh1 exf5
28.Rf1e1 { resign }
1-0

[Event "Match"]
[Site "www.echecsemail.com"]
[Date "2016.06.24"]
[Round "1"]
[White "Coraza"]
[Black "Jjmcbride"]
[WhiteElo "1720"]
[BlackElo "1640"]
[Result "1-0"]
[Round "1"]
1.e4 e5
2.Bf1c4 g6
3.b4 Bf8xb4
4.Qd1f3 Ng8f6
5.g4 O-O
6.c3 Bb4c5
7.d3 d6
8.Bc1g5 Nb8d7
9.Bg5h6 Rf8e8
10.Nb1d2 Nd7b6
11.h3 Nb6xc4
12.Nd2xc4 d5
13.Nc4d2 c6
14.Bh6g5 Re8e6
15.Ng1e2 Bc5e7
16.c4 b5
17.a4 bxc4
18.h4 Re6d6
19.h5 Bc8xg4
20.Qf3g3 Bg4xh5
21.Bg5xf6 Rd6xf6
22.Rh1xh5  { time }
1-0

[Event "Eq:Royal chess-Los Tercios : "]
[Site "www.chess-mail.com"]
[Date "2016.06.24"]
[Round "1"]
[White "Krystek23"]
[Black "Ericleo1980"]
[WhiteElo "2230"]
[BlackElo "2200"]
[Result "1-0"]
[Round "1"]
1.Ng1f3 d5
2.g3 Ng8f6
3.Bf1g2 c6
4.d3 Bc8f5
5.Nb1d2 Qd8c8
6.h3 Nb8d7
7.g4 Bf5g6
8.g5 Nf6g8
9.h4 Bg6h5
10.Nf3h2 e5
11.Bg2h3 Bf8d6
12.Nh2f1 f6
13.Nf1g3 Bh5f7
14.a3 Qc8c7
15.Nd2f1 Ng8e7
16.Bc1e3 d4
17.Be3d2 Qc7b6
18.Ng3e4 Qb6c7
19.Bh3xd7 Kxd7
20.gxf6 gxf6
21.Ne4xf6 Kc8
22.e4 Bf7e6
23.Rh1g1 Kb8
24.Qd1h5 Qc7d8
25.Nf6xh7 a6
26.Rg1g7 Be6g8
27.Bd2g5 Qd8a5
28.Nf1d2 Ne7c8
29.Qh5e8 Ka7
30.Qe8d7 Ra8b8
31.Nh7f6 Bd6b4
32.Rg7xg8 Nc8b6
33.Qd7g7 Rb8xg8
34.Nf6xg8 Rh8xh4
35.Bg5xh4 Bb4xd2
36.Kd1 Bd2f4
37.b4 Qa5b5
38.Bh4e7 Nb6a4
39.Ng8f6 Na4c3
40.Ke1 Nc3a4
41.Be7d6 a5
42.Qg7g8 c5
43.Qg8b8 { resign }
1-0

[Event "Tourn. n8773"]
[Site "www.chess-mail.com"]
[Date "2016.06.25"]
[Round "1"]
[White "Julian"]
[Black "Pimpampum"]
[WhiteElo "2060"]
[BlackElo "2140"]
[Result "0-1"]
[Round "1"]
1.e4 d6
2.d4 e5
3.c3 Ng8f6
4.Bf1d3 Bf8e7
5.Ng1e2 O-O
6.Nb1d2 a6
7.O-O b5
8.f4 exf4
9.Ne2xf4 Nb8c6
10.Nd2f3 Rf8e8
11.e5 dxe5
12.dxe5 Nf6g4
13.Bd3e4 Bc8b7
14.Nf3d4 Ng4xe5
15.Nf4d5 Be7c5
16.Qd1h5 Ne5g6
17.Bc1g5 Qd8d7
18.Nd5f6 gxf6
19.Bg5xf6 Bc5f8
20.Ra1d1 Re8xe4
21.Nd4f5 Qd7e8
22.Nf5h6 Bf8xh6
23.Qh5xh6 Qe8f8
24.Qh6h5 Nc6e5
25.Bf6xe5 Re4xe5
26.Qh5g4 Ra8d8
27.h4 Rd8xd1
28.Rf1xd1 Qf8e7
29.Kh2 Qe7xh4
30.Qg4xh4 Ng6xh4
31.Kg3 Nh4g6
32.Rd1d8 Kg7
33.Rd8b8 Bb7d5
34.a4 bxa4
35.Rb8c8 c6
36.Rc8a8 Bd5c4
37.Ra8c8 Bc4b5
38.c4 Bb5xc4
39.Rc8xc6 Bc4b5
40.Rc6c3 Re5e2
41.b3 a3
42.b4 a2
43.Rc3a3 Bb5c4
44.Kf3 Re2e1
{ resign }
0-1

[Event "Tourn. n8820"]
[Site "www.chess-mail.com"]
[Date "2016.06.25"]
[Round "1"]
[White "Libiesse"]
[Black "Francesco"]
[WhiteElo "2020"]
[BlackElo "2010"]
[Result "0-1"]
[Round "1"]
1.d4 d5
2.c4 c6
3.cxd5 cxd5
4.Ng1f3 Bc8g4
5.Bc1f4 e6
6.h3 Bg4xf3
7.gxf3 Bf8d6
8.Bf4g3 Ng8f6
9.Nb1c3 O-O
10.Qd1b3 b6
11.Ra1c1 Nb8c6
12.Nc3b5 Nc6a5
13.Qb3d3 Bd6e7
14.Rc1c7 Na5c4
15.e4 Nc4xb2
16.Qd3c2 Be7b4
17.Ke2 Nb2c4
18.Kd1 a6
19.Bf1xc4 dxc4
20.Qc2xc4 axb5
21.Qc4xb4 Ra8xa2
22.Qb4c3 Qd8a8
23.Bg3f4 Ra2a1
24.Bf4c1 Qa8a4
25.Ke2 Ra1a2
26.Ke3 Rf8d8
27.Bc1b2 b4
28.Qc3d2 Qa4b3
{ resign }
0-1

[Event "Tourn. n8782"]
[Site "www.chess-mail.com"]
[Date "2016.06.25"]
[Round "1"]
[White "Wegaman"]
[Black "Bojan"]
[WhiteElo "1920"]
[BlackElo "1940"]
[Result "0-1"]
[Round "1"]
1.d4 g6
2.c4 Bf8g7
3.Ng1f3 d5
4.Nb1c3 Ng8f6
5.e3 h6
6.Bf1e2 Nf6e4
7.Nc3xe4 dxe4
8.Nf3d2 f5
9.f3 exf3
10.Nd2xf3 Nb8d7
11.O-O Nd7f6
12.Nf3e5 g5
13.Be2h5 Kf8
14.Ne5g6 Kg8
15.Ng6xh8 Kxh8
16.Bh5e2 Bc8e6
17.Ra1b1 Qd8d7
18.Bc1d2 Be6f7
19.Be2f3 c6
20.Qd1c2 e6
21.b3 Qd7e8
22.Rb1e1 Bf7g6
23.Qc2c1 Ra8d8
24.Kh1 Nf6e4
25.Bf3xe4 fxe4
26.Rf1f2 e5
27.dxe5 Qe8xe5
28.Re1f1 b6
29.h3 Kg8
30.Bd2b4 a5
31.Bb4d2 Qe5g3
32.Bd2c3 Bg7f8
33.Bc3e1 Qg3e5
34.Be1c3 Qe5c7
35.Rf2f6 Bg6h5
36.Rf6f5 Bf8d6
37.Rf5f6 Kh7
38.Qc1b1 Rd8e8
39.Qb1e1 Bd6g3
40.Qe1b1 Qc7e7
41.Rf6xc6 Re8b8
42.Rc6f6 g4
43.hxg4 Bh5g6
44.a3 Rb8d8
45.b4 Rd8d3
46.Bc3d4 Rd3xa3
47.bxa5 bxa5
48.Qb1b6 Qe7e8
49.Qb6c7 Bg3xc7
{ resign }
0-1

[Event "Tourn. n8773"]
[Site "www.chess-mail.com"]
[Date "2016.06.25"]
[Round "1"]
[White "Orhany24"]
[Black "Comrade"]
[WhiteElo "2240"]
[BlackElo "2190"]
[Result "0-1"]
[Round "1"]
1.e4 c5
2.Ng1f3 Nb8c6
3.d4 cxd4
4.Nf3xd4 e5
5.Nd4xc6 bxc6
6.c4 Ng8f6
7.Bf1d3 Bf8c5
8.Nb1c3 d6
9.O-O h6
10.h3 Bc8e6
11.a3 a5
12.Kh1 g5
13.Bc1d2 g4
14.h4 Nf6xe4
15.Nc3xe4 Qd8xh4
16.Kg1 g3
17.Ne4xg3 Qh4xg3
18.Qd1e2 Rh8g8
19.Bd3e4 d5
20.cxd5 Be6g4
21.Qe2d3 Qg3xd3
22.Be4xd3 Bg4f3
{ resign }
0-1

[Event "Tourn. n8827"]
[Site "www.chess-mail.com"]
[Date "2016.06.25"]
[Round "1"]
[White "Amaya"]
[Black "Wwgia"]
[WhiteElo "2020"]
[BlackElo "2010"]
[Result "0-1"]
[Round "1"]
1.d4 Ng8f6
2.e3 g6
3.Bf1d3 Bf8g7
4.Nb1d2 d6
5.f4 O-O
6.Ng1f3 Nb8d7
7.O-O e5
8.fxe5 dxe5
9.c3 Rf8e8
10.Nf3g5 h6
11.Ng5e4 Nf6xe4
12.Nd2xe4 Nd7f8
13.Qd1f3 f5
14.Ne4g3 e4
15.Bd3c4 Kh7
16.Bc1d2 exf3
17.Rf1xf3 c6
18.Ra1e1 Bc8e6
19.Bc4xe6 Re8xe6
{ resign }
0-1

[Event "Tourn. n8820"]
[Site "www.chess-mail.com"]
[Date "2016.06.25"]
[Round "1"]
[White "Jesmantiz"]
[Black "Francesco"]
[WhiteElo "2030"]
[BlackElo "2010"]
[Result "1-0"]
[Round "1"]
1.d4 d5
2.e3 Ng8f6
3.Bf1d3 Bc8g4
4.f3 Bg4d7
5.c4 dxc4
6.Bd3xc4 e6
7.Nb1c3 Bf8d6
8.e4 Bd6e7
9.Ng1e2 O-O
10.O-O a6
11.e5 Nf6e8
12.Nc3e4 Bd7c6
13.Ne2g3 Bc6d5
14.Bc4d3 Nb8c6
15.Bc1e3 h6
16.a3 Ra8b8
17.Bd3c2 g5
18.Ng3h5 f5
19.exf6 Be7xf6
20.Qd1d3 Bf6g7
21.Ne4g3 Rf8f7
22.Qd3h7 Kf8
23.Nh5xg7 Ne8xg7
24.Qh7xh6 Bd5c4
25.Qh6h8 Ke7
26.Be3xg5 Rf7f6
27.Qh8xg7 { resign }
1-0

[Event "Tourn. n8840"]
[Site "www.chess-mail.com"]
[Date "2016.06.25"]
[Round "1"]
[White "Paaliaq"]
[Black "Raven16"]
[WhiteElo "2540"]
[BlackElo "2240"]
[Result "1-0"]
[Round "1"]
1.d4 d5
2.c4 c6
3.Ng1f3 Ng8f6
4.e3 e6
5.Bf1d3 dxc4
6.Bd3xc4 b5
7.Bc4d3 Bc8b7
8.O-O Bf8d6
9.e4 Bd6e7
10.Nb1c3 O-O
11.Qd1c2 h6
12.e5 Nf6d5
13.Qc2e2 Be7g5
14.Nf3xg5 hxg5
15.Nc3e4 Nd5f4
16.Bc1xf4 gxf4
17.Ne4f6 { resign }
1-0

[Event "Tourn. n8846"]
[Site "www.chess-mail.com"]
[Date "2016.06.25"]
[Round "1"]
[White "Francesco"]
[Black "Pwain"]
[WhiteElo "2000"]
[BlackElo "2200"]
[Result "0-1"]
[Round "1"]
1.e4 e5
2.Ng1f3 Nb8c6
3.d4 exd4
4.Nf3xd4 Ng8f6
5.Nd4xc6 bxc6
6.e5 Qd8e7
7.Qd1e2 Nf6d5
8.c4 Bc8a6
9.b3 Qe7h4
10.Qe2f3 Qh4d4
11.cxd5 Bf8b4
12.Bc1d2 Bb4xd2
13.Nb1xd2 Qd4xa1
14.Qf3d1 Qa1xe5
15.Bf1e2 O-O
{ resign }
0-1

[Event "Tourn. n8825"]
[Site "www.chess-mail.com"]
[Date "2016.06.25"]
[Round "1"]
[White "Nulladies"]
[Black "Daquata"]
[WhiteElo "1679"]
[BlackElo "1790"]
[Result "0-1"]
[Round "1"]
1.d4 Ng8f6
2.Bc1f4 g6
3.Ng1f3 Bf8g7
4.e3 O-O
5.Nb1d2 d6
6.Bf1e2 Nb8c6
7.c3 Qd8e8
8.Qd1b3 e5
9.dxe5 dxe5
10.Bf4g3 Ra8b8
11.e4 Bc8e6
12.Qb3c2 Be6g4
13.h3 Bg4xf3
14.Be2xf3 Qe8e6
15.Ra1d1 Qe6xa2
16.Nd2b3 Qa2a4
17.O-O Rb8d8
18.Rd1a1 Qa4c4
19.Bf3e2 Qc4xe4
20.Qc2xe4 Nf6xe4
21.Bg3h2 Ne4d2
22.Nb3xd2 Rd8xd2
23.Be2b5 Rd2xb2
24.Bb5xc6 bxc6
25.Ra1xa7 Rb2c2
26.Ra7xc7 Rc2xc3
27.Rf1e1 f6
28.f3 Rf8d8
29.Kf2 Rc3c2
30.Re1e2 Rc2c3
31.f4 Rd8e8
32.Re2e3 Rc3c5
33.Re3d3 Rc5c2
34.Kf3 e4
{ resign }
0-1

[Event "Tourn. n8818"]
[Site "www.chess-mail.com"]
[Date "2016.06.25"]
[Round "1"]
[White "Cal"]
[Black "Daquata"]
[WhiteElo "1620"]
[BlackElo "1740"]
[Result "0-1"]
[Round "1"]
1.Ng1f3 d5
2.d4 Ng8f6
3.e3 e6
4.a3 c5
5.c3 Nb8c6
6.Bf1b5 Bc8d7
7.dxc5 Bf8xc5
8.Bb5xc6 Bd7xc6
9.h3 O-O
10.b4 Bc5d6
11.Bc1b2 Nf6e4
12.O-O Qd8c7
13.Kh1 Ra8c8
14.Nf3h4 Qc7e7
15.g3 Bc6b5
16.Nb1d2 Ne4xd2
17.Qd1xd2 Bb5xf1
18.f4 Bf1xh3
19.Kh2 Bh3g4
20.Qd2d4 a6
21.c4 f6
22.c5 Bd6b8
23.Ra1e1 e5
24.fxe5 Bb8xe5
25.Qd4xg4 Be5xb2
26.a4 Qe7e4
27.Nh4f5 Qe4xg4
28.Nf5e7 Kh8
29.Ne7xc8 Rf8xc8
{ resign }
0-1

[Event "Tourn. n8715"]
[Site "www.chess-mail.com"]
[Date "2016.06.25"]
[Round "1"]
[White "Nimzo"]
[Black "Rons"]
[WhiteElo "2850"]
[BlackElo "2580"]
[Result "1-0"]
[Round "1"]
1.d4 Ng8f6
2.c4 e6
3.Nb1c3 Bf8b4
4.Qd1c2 O-O
5.e4 d5
6.e5 Nf6e4
7.Bf1d3 c5
8.Ng1f3 cxd4
9.Nf3xd4 Nb8d7
10.Bc1f4 Nd7c5
11.O-O Nc5xd3
12.Qc2xd3 Bb4xc3
13.bxc3 b6
14.cxd5 Qd8xd5
15.Rf1d1 Bc8b7
16.c4 Qd5d7
17.Qd3a3 g5
18.Bf4xg5 Ne4xg5
19.Qa3g3 Qd7e7
20.h4 h6
21.f4 f6
22.hxg5 fxg5
23.fxg5 Qe7xg5
24.Qg3xg5 hxg5
25.Nd4xe6 Rf8f5
26.Ne6d8 Bb7a6
27.e6 Rf5e5
28.Rd1d7 Ba6xc4
29.e7 Bc4b5
30.Rd7c7 Re5c5
31.Rc7xc5 bxc5
32.Ra1c1 Ra8c8
33.Rc1f1 Kg7
34.Rf1f8 Bb5e8
35.Nd8b7 Rc8b8
36.Nb7xc5 Kh6
37.Kf2 Rb8b2
38.Kg3 Be8b5
39.a4 { resign }
1-0

[Event "Match"]
[Site "www.echecsemail.com"]
[Date "2016.06.25"]
[Round "1"]
[White "Szustan"]
[Black "Nimzo"]
[WhiteElo "2640"]
[BlackElo "2840"]
[Result "0-1"]
[Round "1"]
1.e4 e6
2.d4 d5
3.Nb1c3 Ng8f6
4.e5 Nf6d7
5.f4 c5
6.Ng1f3 Nb8c6
7.Bc1e3 a6
8.Qd1d2 Bf8e7
9.Bf1e2 O-O
10.O-O b5
11.a3 Bc8b7
12.Ra1d1 Qd8b6
13.dxc5 Be7xc5
14.Be3xc5 Nd7xc5
15.Qd2e3 Ra8c8
16.Nf3d4 Nc5d7
17.Qe3f2 Nc6xd4
18.Qf2xd4 Rc8c7
19.g3 Rf8c8
20.Rd1d2 Kf8
21.Qd4f2 Qb6xf2
22.Kxf2 Nd7b6
23.Rf1c1 f6
24.exf6 gxf6
25.Nc3a2 Nb6c4
26.Be2xc4 bxc4
27.Rc1e1 Rc7e7
28.Rd2e2 Kf7
29.Na2c3 d4
30.Nc3e4 Re7d7
31.Re2d2 h5
32.Kg1 Rd7d8
33.Re1d1 Bb7xe4
{ resign }
0-1

[Event "Match"]
[Site "www.echecsemail.com"]
[Date "2016.06.25"]
[Round "1"]
[White "Calponas"]
[Black "Jhzes"]
[WhiteElo "2040"]
[BlackElo "1809"]
[Result "0-1"]
[Round "1"]
1.d4 Ng8f6
2.c4 c5
3.d5 e6
4.Nb1c3 Bf8e7
5.e4 exd5
6.exd5 d6
7.Bf1d3 Nb8d7
8.Bc1f4 O-O
9.Ng1f3 Nf6h5
10.Bf4g3 Rf8e8
11.O-O Nh5xg3
12.hxg3 Nd7e5
13.Nf3xe5 dxe5
14.Qd1h5 g6
15.Qh5h2 Be7f6
16.Nc3e4 Bf6e7
17.f4 f5
18.Ne4c3 e4
19.Bd3e2 Qd8b6
20.Nc3a4 Qb6b4
21.b3 Be7f6
22.Ra1d1 a6
23.Kf2 Bf6d4
24.Rd1xd4 cxd4
25.Rf1h1 Re8e7
26.d6 Qb4xd6
27.c5 e3
28.Ke1 Qd6f6
29.Be2c4 Bc8e6
30.Na4b6 Ra8e8
31.Nb6d5 Be6xd5
32.Bc4xd5 Kf8
33.Qh2h6 Qf6g7
34.Qh6xg7 Re7xg7
35.Ke2 Re8d8
36.Rh1d1 Rd8xd5
37.Rd1d3 Rg7c7
38.b4 a5
39.a3 axb4
40.axb4 Rc7c6
{ resign }
0-1

[Event "Match"]
[Site "www.echecsemail.com"]
[Date "2016.06.25"]
[Round "1"]
[White "Jhzes"]
[Black "Gearoidmac"]
[WhiteElo "2319"]
[BlackElo "2230"]
[Result "0-1"]
[Round "1"]
1.d4 e6
2.Ng1f3 d5
3.Bc1f4 Ng8f6
4.c3 c5
5.Nf3e5 Nb8d7
6.Ne5xd7 Bc8xd7
7.b3 Ra8c8
8.g3 cxd4
9.Qd1xd4 Bf8c5
10.Qd4e5 Bc5xf2
11.Kd1 d4
12.cxd4 Bd7c6
13.e4 Bf2xd4
{ resign }
0-1

[Event "Match"]
[Site "www.echecsemail.com"]
[Date "2016.06.25"]
[Round "1"]
[White "Kevinking"]
[Black "Kampungboy"]
[WhiteElo "1890"]
[BlackElo "1499"]
[Result "0-1"]
[Round "1"]
1.f4 d5
2.e3 c5
3.Ng1f3 Nb8c6
4.d4 Ng8f6
5.Bf1b5 Qd8b6
6.Bb5xc6 bxc6
7.O-O e6
8.Nb1d2 Bf8d6
9.Nf3e5 cxd4
10.exd4 Qb6xd4
11.Kh1 Bd6xe5
12.Nd2b3 Qd4xd1
13.Rf1xd1 Be5d6
14.Nb3a5 Nf6e4
15.Rd1f1 Bc8a6
16.Rf1f3 c5
17.Na5b3 c4
18.Nb3d4 O-O
19.Bc1e3 Ra8b8
20.Ra1b1 Ne4c3
{ resign }
0-1

[Event "Match"]
[Site "www.echecsemail.com"]
[Date "2016.06.25"]
[Round "1"]
[White "Jhzes"]
[Black "Chtoubidou"]
[WhiteElo "1809"]
[BlackElo "1920"]
[Result "0-1"]
[Round "1"]
1.d4 d5
2.Bc1f4 Ng8f6
3.Nb1c3 c6
4.f3 e6
5.e4 dxe4
6.fxe4 Bf8b4
7.Ng1e2 Nf6xe4
8.Qd1d3 Ne4xc3
9.bxc3 Bb4d6
10.Bf4e3 O-O
11.g3 b5
12.Bf1g2 Bc8b7
13.O-O-O Nb8d7
14.Bg2e4 Nd7f6
15.Be3g5 h6
16.Bg5xf6 Qd8xf6
17.h4 Rf8d8
18.Rh1f1 Qf6e7
19.Ne2f4 Bd6xf4
20.Rf1xf4 c5
21.Be4h7 Kh8
22.Bh7e4 c4
23.Qd3f3 Bb7xe4
24.Qf3xe4 Qe7a3
25.Kd2 Qa3xa2
26.Rf4xf7 b4
27.cxb4 Ra8c8
28.Qe4g6 c3
29.Ke1 Rd8g8
30.g4 Qa2d5
31.Ke2 Qd5g2
32.Kd3 Qg2g3
33.Ke4 Qg3xh4
34.Qg6xe6 Rc8e8
35.d5 Re8xe6
36.dxe6 Qh4xg4
{ resign }
0-1

[Event "Match"]
[Site "www.echecsemail.com"]
[Date "2016.06.25"]
[Round "1"]
[White "Caspito"]
[Black "Daquata"]
[WhiteElo "1820"]
[BlackElo "1750"]
[Result "0-1"]
[Round "1"]
1.e4 c5
2.b3 Nb8c6
3.Bc1b2 d6
4.Bf1b5 Ng8f6
5.Nb1c3 g6
6.Qd1e2 Bc8d7
7.O-O-O a6
8.Bb5c4 b5
9.Bc4xf7 Kxf7
10.Rd1e1 e5
11.g3 Nc6d4
12.Qe2d3 Qd8a5
13.Nc3d5 Nf6xd5
14.exd5 Qa5xa2
15.Ng1e2 Nd4xe2
16.Re1xe2 Bd7f5
17.Qd3f3 Kg7
18.d3 Bf8e7
19.h4 Rh8f8
20.h5 a5
21.Qf3e3 a4
22.hxg6 Bf5xg6
23.f4 axb3
24.c3 c4
25.Rh1d1 Bg6xd3
26.Rd1xd3 cxd3
27.Qe3xd3 Be7f6
28.Re2h2 h6
29.Qd3xb5 exf4
30.Qb5d7 Rf8f7
31.Qd7g4 Bf6g5
32.c4 Kh7
33.Kd1 Qa2b1
34.Bb2c1 fxg3
35.Rh2xh6 Bg5xh6
{ resign }
0-1

[Event "Match"]
[Site "www.echecsemail.com"]
[Date "2016.06.25"]
[Round "1"]
[White "Caspito"]
[Black "Darknight"]
[WhiteElo "1790"]
[BlackElo "1710"]
[Result "1-0"]
[Round "1"]
1.e4 e5
2.Ng1f3 d6
3.Bf1c4 h6
4.O-O Bc8g4
5.Nb1c3 c6
6.d4 exd4
7.Bc1f4 dxc3
8.bxc3 Nb8d7
9.Rf1e1 Nd7c5
10.a4 Ng8f6
11.Ra1b1 Qd8d7
12.e5 Nf6e4
13.Qd1d4 dxe5
14.Qd4xe5 Bg4e6
15.a5 a6
16.Bc4xe6 fxe6
17.Qe5h5 Ke7
18.Nf3e5 Qd7e8
19.Ne5g6 Kd8
20.Re1d1 Nc5d7
21.Rb1xb7 Ne4c5
22.Qh5h4 Bf8e7
23.Bf4c7 Kc8
24.Ng6xe7 Kxb7
25.Bc7d6 g5
26.Qh4b4 Ka7
27.Ne7xc6 
1-0

[Event "Match"]
[Site "www.echecsemail.com"]
[Date "2016.06.25"]
[Round "1"]
[White "Pimpampum"]
[Black "Karlgrocer"]
[WhiteElo "2180"]
[BlackElo "2100"]
[Result "1-0"]
[Round "1"]
1.c3 d5
2.e4 dxe4
3.Qd1a4 Bc8d7
4.Qa4xe4 Bd7c6
5.Qe4e3 Ng8f6
6.d4 e6
7.Ng1f3  { time }
1-0